000 00197nam a22000857a 4500
100 _aYadav,Rakesh
_980969
245 _aSSC Mathematics 1999-2020
260 _aDelhi
_bRakesh yadav Readers
942 _cBK
999 _c64182
_d64182